Продължавам (Запис номер 521354)
[ съкратено ]
| 000 -Лидер | |
|---|---|
| Лидер | 01340nam a2200313 a 4500 |
| 003 - Код на организацията, давaща контролен номер | |
| Код на организацията, даваща контролен номер | BLK |
| 005 - Дата и час на последна редакция | |
| Дата и час на последна редакция | 20250314122053.0 |
| 007 - Фиксирано поле за физическо описани | |
| Физическо описание | ta |
| 008 - Елементи от данни с фиксирана дължина | |
| Елементи с фиксирана дължина | 241106b bu |||||r|||| 00| | bu d |
| 020 ## - Международен стандартен номер на книга ISBN | |
| ISBN | 9789542846949 |
| 040 ## - Източник на каталожния запис | |
| Код на библиотеката | BLK |
| 041 ## - Код за език | |
| Език | Български |
| Език за КДБФ | Български |
| 080 ## - УДК | |
| 9 (RLIN) | 236967 |
| УДК текст | Приготвяне на храната. Кулинария |
| УДК код | 641.5 |
| УДК – определител | (497.2)(092) |
| УДК – код + определител | 641.5(497.2)(092) |
| 080 ## - УДК | |
| 9 (RLIN) | 495986 |
| УДК текст | Кулинарен шеф, главен готвач |
| УДК код | 929 Токев, Андре |
| УДК – код + определител | 929 Токев, Андре |
| 084 ## - Класификационен индекс по друга класификация | |
| Авторски знак | Тои - Т 65 |
| 100 1# - Редна дума - Автор | |
| Автор | Токев, Андре |
| R(LIN) | 129856 |
| 245 ## - Сведения за заглавието | |
| Заглавие | Продължавам |
| Авторска отговорност | Андре Токев, Виолета Цветкова ; под ред. на Виолета Цветкова |
| 260 ## - Област на издателските данни | |
| Място на издаване | София |
| 9 (RLIN) | 219755 |
| Име на издателя | Сиела |
| Година на издаване | 2024 |
| Печатница | София : Алианс принт |
| 300 ## - Физическа характеристика | |
| Брой страници | 328 с., [8] л. : цв. ил., портр. |
| Размер | 21 см |
| 380 ## - Жанр | |
| Жанр | Техника |
| 500 ## - Общи забележки | |
| Обща забележка | Другите за него: с. 309-327 |
| 650 #7 - Допълнително описание по предмет – тема | |
| Предметна рубрика | Кулинария |
| 9 (RLIN) | 159807 |
| 653 ## - Ключова дума – ненормативна | |
| 9 (RLIN) | 480103 |
| Ключови думи | биографски материали |
| 700 ## - Други автори (авторска отговорност) | |
| 9 (RLIN) | 495989 |
| Друг автор | Цветкова, Виолета Цветкова |
| Авт. отговорност на др. автор | първи автор |
| 852 ## - Местоположение | |
| Отдел | Заемна - подръчен фонд |
| Систематично-азбучна сигнатура | 641/Т 65 А |
| 856 ## - Електронен адрес и достъп | |
| Инструкция (цена за достъп) | 0.00 |
| Права за достъп | disable |
| 942 ## - АРТИКУЛИ | |
| Вид на библиотечния документ | Книги |
| Скрит в OPAC | Не |
| Koha issues (borrowed), all copies | 8 |
| 944 ## - СЪЗДАВАНЕ И РЕДАКЦИЯ на ЗАПИСА | |
| Дата на регистрацията/редакция | Геновева Генчева |
| Служител, извършил регистрацията/редакцията | 30535 |
| Номер на служител | Христина Везирева |
| Създаване/Редакция | |
| 999 ## - СИСТЕМНИ КОНТРОЛНИ НОМЕРА | |
| Koha biblionumber | 521354 |
| Koha biblioitemnumber | 521354 |
| Код за отписване | Код за изгубен артикул | Източник на класификационната схема | Код за повреда | Код за отдаване | Артикулен № | Име на библиотеката - собственик | Име на библиотеката, в която се намира в момента | Статус (Текущо местоположение) | Дата на вписване в системата | Местоположение - отдел | Цена в лева | Инвентарен номер | Систематично азбучна сигнатура | Баркод | Цена в евро | Служебен тип на артикула |
|---|---|---|---|---|---|---|---|---|---|---|---|---|---|---|---|---|
| Не е изгубен | Universal Decimal Classification | Не е повреден | заемане за дома | 954211 | Регионална библиотека "Любен Каравелов" Русе | Регионална библиотека "Любен Каравелов" Русе | Заемна - подръчен фонд | 2024-11-07 | Заемна - подръчен фонд | 18.90 | 120000914918 | 641/Т 65 А | 120000914918 | 9.66 | Книги | |
| Не е изгубен | Universal Decimal Classification | Не е повреден | заемане за дома | 954212 | Регионална библиотека "Любен Каравелов" Русе | Регионална библиотека "Любен Каравелов" Русе | Заемна - подръчен фонд | 2024-11-07 | Заемна - подръчен фонд | 18.90 | 120000914919 | 641/Т 65 А | 120000914919 | 9.66 | Книги |